Les Ennemis des cultures / par J. Vochelle et J. Faure
Descripción Física:
399 p. : il. ; 18 cm
Colección:
Encyclopédie des connaissances agricoles
Otros Autores:
Faure, J.
MARC
| LEADER | 00000nam a2200000Ia 4500 | ||
|---|---|---|---|
| 001 | 14458 | ||
| 008 | 160829s9999 xx 000 0 cat d | ||
| 080 | |a C-2-268 | ||
| 100 | |a Vochelle, J. |9 25661 | ||
| 245 | |a Les Ennemis des cultures / par J. Vochelle et J. Faure | ||
| 260 | |a Paris : |b Hachette, cop. 1943 | ||
| 300 | |a 399 p. : |b il. ; |c 18 cm | ||
| 490 | |a Encyclopédie des connaissances agricoles | ||
| 590 | |a Índexs | ||
| 650 | |a Plantes |x Malalties |9 38459 | ||
| 650 | |a Plagues agrícoles |9 25662 | ||
| 650 | 0 | |a Plaguicides |9 25663 | |
| 700 | |a Faure, J. |9 25664 | ||
| 901 | |a Arxiu | ||
| 942 | |n 1 | ||
| 952 | |0 0 |1 0 |4 0 |6 C2268 |7 1 |9 43725 |a Arxiu |b Arxiu |d 2016-12-01 |l 0 |o C-2-268 |p 14458 |r 2016-12-01 00:00:00 |w 2016-12-01 |y ARXIU | ||
| 999 | |c 46273 |d 46273 | ||